New concepts in diagnosis and therapy of pancreatic adenocarcinoma (رقم التسجيلة. 24182)

تفاصيل مارك
000 -الفاتح
حقل البيانات ثابتة الطول 01354cam a2200337 a 4500
001 - رقم الضبط
رقم الضبط 8806840
003 - محدد رقم الضبط
رقم الضبط OSt
005 - وقت وتاريخ اخر تعامل مع التسجيلة
رقم الضبط 20150408114045.0
006 - عناصر البيانات ثابتة الطول - خصائص المادة الاضافية-معلومات عامة
حقل البيانات ثابتة الطول m d
008 - عناصر البيانات ثابتة الطول - معلومات عامة
حقل البيانات ثابتة الطول 120623s2011 gw a |sb 001 0 eng d
020 ## - الرقم الدولى المعيارى للكتب
الرقم الدولى المعيارى للكتاب 9783540853800 (hbk. : alk. paper)
020 ## - الرقم الدولى المعيارى للكتب
الرقم الدولى المعيارى للكتاب 3540853804 (hbk. : alk. paper)
020 ## - الرقم الدولى المعيارى للكتب
الرقم الدولى المعيارى للكتاب 9783540853817 (eISBN)
040 ## - مصدر الفهرسة
وكالة النسخ Mu
082 04 - رقم تصنيف ديوى العشرى
رقم التصنيف 616.99437 N E C
رقم الطبعة 22
210 10 - العنوان المختصر
العنوان المختصر New concepts in diagnosis and therapy of pancreatic adenocarcinoma
245 00 - بيان العنوان
العنوان New concepts in diagnosis and therapy of pancreatic adenocarcinoma
الوسيط [electronic resource] /
بيان المسئوليه,etc Andrea Laghi (ed.) ; foreword by Albert L. Baert.
260 ## - PUBLICATION, DISTRIBUTION, ETC. (IMPRINT)
مكان الناشر او الموزع Berlin ;
-- London :
اسم الناشر او الموزع Springer,
تاريخ النشر أو التوزيع c2011.
490 0# - بيان السلسلة
عنوان السلسلة Medical radiology,
الرقم الدولى المعيارى للدوريات 0942-5373
504 ## - تبصرة ببليوجرافية
تبصرة ببليوجرافية,الخ Includes bibliographical references and index.
506 ## - تبصرة قيود الاتاحة
قيود الإتاحة License restrictions may limit access.
650 #4 - المدخل الاضافى بالموضوع-مصطلح موضوعى
مصطلح موضوعي أو اسم جغرافي كعنصر مدخل Pancreatic Neoplasms
التقسيم الفرعي العام diagnosis
9 (RLIN) 15955
650 #4 - المدخل الاضافى بالموضوع-مصطلح موضوعى
مصطلح موضوعي أو اسم جغرافي كعنصر مدخل Pancreatic Neoplasms
التقسيم الفرعي العام therapy
9 (RLIN) 15956
650 #4 - المدخل الاضافى بالموضوع-مصطلح موضوعى
مصطلح موضوعي أو اسم جغرافي كعنصر مدخل Adenocarcinoma
التقسيم الفرعي العام diagnosis
9 (RLIN) 15957
650 #4 - المدخل الاضافى بالموضوع-مصطلح موضوعى
مصطلح موضوعي أو اسم جغرافي كعنصر مدخل Adenocarcinoma
التقسيم الفرعي العام therapy
9 (RLIN) 15958
700 1# - المدخل الاضافى - اسم شخصى
الإسم الشخصى Laghi, Andrea.
9 (RLIN) 15959
773 #0 - مدخل المادة المضيفة
العنوان SpringerLink ebooks - Medicine (2010)
830 #0 - المدخل الاضافى بالسلسلة -عنوان موحد
عنوان موحد Medical radiology,
9 (RLIN) 15960
856 40 - الوصول و الموقع الالكترونى
معرف المصدر الموحد <a href="http://www.columbia.edu/cgi-bin/cul/resolve?clio8806840">http://www.columbia.edu/cgi-bin/cul/resolve?clio8806840</a>
تبصرة عامة Full text available from SpringerLink ebooks - Medicine (2010)
942 ## - عناصر المدخل الإضافي( كوها)
مصدر التصنيف او مخطط الترفيف Dewey Decimal Classification
Koha [default] item type DVD
المقتنيات
حالة الفقد نموذج السعر الفعال حالة تلف ليس للاعارة رقم الطلب رقم النسخة تاريخ الاكتساب الموقع الحالي الباركود الفرع الرئيسي Date last seen نوع المادة فى نظام كوها مصدر التصنيف او خطة الترفيف Total Checkouts
  2013-03-10     616.99437 N E C c.1 2012-06-23 المكتبة المركزية بالمجمعة (CL) 00109843 المكتبة المركزية بالمجمعة (CL) 2013-03-10 كتاب Dewey Decimal Classification  
  2013-03-10     616.99437 N E C c.2 2012-06-23 المكتبة المركزية بالمجمعة (CL) 00109844 المكتبة المركزية بالمجمعة (CL) 2013-03-10 كتاب Dewey Decimal Classification  
  2013-03-10     616.99437 N E C c.3 2012-06-23 المكتبة المركزية بالمجمعة (CL) 00109781 المكتبة المركزية بالمجمعة (CL) 2013-03-10 كتاب Dewey Decimal Classification